000 00383nam a2200145Ia 4500
008 210210b1992 xxu||||| |||| 00| 0 eng d
020 _a81 7024 468 4
082 _a307.72 LAWR
100 _aLAWANIA (Vinod Kumar).
245 _aRural development in India.
260 _aNew Delhi.
_bAshish Publishing House.,
_c1992
300 _a148
690 _aRural Sociology
906 _a047970
999 _c96994
_d96994